000 00558nam a2200193Ia 4500
005 20250507130107.0
008 008 250505s9999 xx 000 0 eng d
020 _a0-7425-2620-8
037 _aBound Volumes
040 _aEASL
_beng
_cEASL
041 _aeng
_2eng
084 _a4wM36, P3
_qEASL
100 _aHuffman James L. Au.
_9665159
245 0 _aYankee in Meiji Japan
260 _aUSA
_bmaryland Rowman & Littlefield Publishing group
_c2003
300 _axvi,308P
942 _cCR
_h4wM36, P3
999 _c1317649
_d1317649